<?xml version="1.0" encoding="UTF-8"?><?xml-stylesheet type="text/xsl" href="static/style.xsl"?><OAI-PMH xmlns="http://www.openarchives.org/OAI/2.0/" xmlns:xsi="http://www.w3.org/2001/XMLSchema-instance" xsi:schemaLocation="http://www.openarchives.org/OAI/2.0/ http://www.openarchives.org/OAI/2.0/OAI-PMH.xsd"><responseDate>2026-04-29T02:38:04Z</responseDate><request verb="GetRecord" identifier="oai:repisalud.isciii.es:20.500.12105/18166" metadataPrefix="marc">https://repisalud.isciii.es/rest/oai/request</request><GetRecord><record><header><identifier>oai:repisalud.isciii.es:20.500.12105/18166</identifier><datestamp>2024-11-28T15:51:16Z</datestamp><setSpec>com_20.500.12105_15322</setSpec><setSpec>com_20.500.12105_2051</setSpec><setSpec>col_20.500.12105_16927</setSpec></header><metadata><record xmlns="http://www.loc.gov/MARC21/slim" xmlns:dcterms="http://purl.org/dc/terms/" xmlns:doc="http://www.lyncode.com/xoai" xmlns:xsi="http://www.w3.org/2001/XMLSchema-instance" xsi:schemaLocation="http://www.loc.gov/MARC21/slim http://www.loc.gov/standards/marcxml/schema/MARC21slim.xsd">
   <leader>00925njm 22002777a 4500</leader>
   <datafield ind2=" " ind1=" " tag="042">
      <subfield code="a">dc</subfield>
   </datafield>
   <datafield ind2=" " ind1=" " tag="720">
      <subfield code="a">Blasco-Alonso, Javier</subfield>
      <subfield code="e">author</subfield>
   </datafield>
   <datafield ind2=" " ind1=" " tag="720">
      <subfield code="a">Gil-Gómez, Raquel</subfield>
      <subfield code="e">author</subfield>
   </datafield>
   <datafield ind2=" " ind1=" " tag="720">
      <subfield code="a">García Ruiz, Ana</subfield>
      <subfield code="e">author</subfield>
   </datafield>
   <datafield ind2=" " ind1=" " tag="720">
      <subfield code="a">Cortés Hernández, Marta</subfield>
      <subfield code="e">author</subfield>
   </datafield>
   <datafield ind2=" " ind1=" " tag="720">
      <subfield code="a">Gutiérrez Schiaffino, Guiomar</subfield>
      <subfield code="e">author</subfield>
   </datafield>
   <datafield ind2=" " ind1=" " tag="260">
      <subfield code="c">2020-12</subfield>
   </datafield>
   <datafield ind2=" " ind1=" " tag="520">
      <subfield code="a">Introducción: la vitamina cobalamina es esencial para el buen funcionamiento del SNC, la hematopoyesis y la síntesis de ADN. Su déficit es frecuentemente secundario a la anemia perniciosa o a las dietas vegetarianas estrictas. Caso clínico: lactante varón de 18 meses con disminución del nivel de conciencia y trastorno del movimiento (temblor y movimientos coreiformes) de horas de duración. Como antecedentes, presenta retraso de la adquisición de los hitos motores (no bipedestación, lenguaje monosilábico) y pérdida progresiva de los mismos en las últimas semanas (sostén cefálico y sedestación). Alimentado mediante lactancia materna desde el nacimiento. La familia sigue una alimentación vegetariana. En las pruebas de neuroimagen, la TC y la RM craneales muestran atrofia supratentorial generalizada de ambas sustancias y de los ganglios basales. Se inicia tratamiento con vitamina B12 intramuscular, aumentando sus niveles. Posteriormente se procede a la diversificación alimentaria y la administración de cianocobalamina oral, con normalización clínica al cabo de 6 meses y radiológica al cabo de 7 meses. Discusión: recalcamos la importancia de la suplementación con B12 durante el embarazo y la lactancia tanto en la mujer como en el lactante.</subfield>
   </datafield>
   <datafield ind2=" " ind1=" " tag="520">
      <subfield code="a">Introduction: the vitamin cobalamin is essential for a proper functioning of the CNS, hematopoiesis, and DNA synthesis. Its deficiency is frequently secondary to pernicious anemia or strict vegetarian diets. Case report: an 18-month-old male infant presented with a decreased level of consciousness and movement disorder (tremor and choreiform movements) of several hours' standing. He had a history of delayed acquisition of motor milestones (not standing, monosyllabic language), and progressive loss of these over the last few weeks (head support and sitting). He had been breastfed from birth. His family has a vegetarian diet. In neuroimages, cranial CT and MRI scans showed generalized supratentorial atrophy involving both matters and the basal ganglia. Treatment was started with intramuscular vitamin B12, which increased its levels. Subsequently, the patient was subjected to dietary diversification and oral cyanocobalamin, with clinical normalization after 6 months and radiological normalization after 7 months. Conclusions: we emphasize the importance of vitamin B12 supplementation during pregnancy and lactation in vegetarina mothers and their infants.</subfield>
   </datafield>
   <datafield ind1="8" ind2=" " tag="024">
      <subfield code="a">0212-1611</subfield>
   </datafield>
   <datafield ind1="8" ind2=" " tag="024">
      <subfield code="a">http://hdl.handle.net/10668/3458</subfield>
   </datafield>
   <datafield ind1="8" ind2=" " tag="024">
      <subfield code="a">http://hdl.handle.net/20.500.12105/18166</subfield>
   </datafield>
   <datafield ind1="8" ind2=" " tag="024">
      <subfield code="a">33241939</subfield>
   </datafield>
   <datafield ind1="8" ind2=" " tag="024">
      <subfield code="a">10.20960/nh.03293</subfield>
   </datafield>
   <datafield ind1="8" ind2=" " tag="024">
      <subfield code="a">1699-5198</subfield>
   </datafield>
   <datafield ind1="8" ind2=" " tag="024">
      <subfield code="a">Nutrición Hospitalaria</subfield>
   </datafield>
   <datafield tag="653" ind2=" " ind1=" ">
      <subfield code="a">Vitamina B12</subfield>
   </datafield>
   <datafield tag="653" ind2=" " ind1=" ">
      <subfield code="a">Encefalopatía</subfield>
   </datafield>
   <datafield tag="653" ind2=" " ind1=" ">
      <subfield code="a">Anemia</subfield>
   </datafield>
   <datafield tag="653" ind2=" " ind1=" ">
      <subfield code="a">Dieta vegana</subfield>
   </datafield>
   <datafield tag="653" ind2=" " ind1=" ">
      <subfield code="a">Vitamin B12</subfield>
   </datafield>
   <datafield tag="653" ind2=" " ind1=" ">
      <subfield code="a">Encephalopathy</subfield>
   </datafield>
   <datafield tag="653" ind2=" " ind1=" ">
      <subfield code="a">Vegan diet</subfield>
   </datafield>
   <datafield ind2="0" ind1="0" tag="245">
      <subfield code="a">Encefalopatía grave y deficiencia de vitamina B12: reversibilidad tras la terapia nutricional</subfield>
   </datafield>
   <datafield ind2="0" ind1="0" tag="245">
      <subfield code="a">Severe encephalopathy and vitamin B12 deficiency: reversibility after nutritional therapy</subfield>
   </datafield>
</record></metadata></record></GetRecord></OAI-PMH>